[Event "Backa Topola-ch"]
[Site "Backa Topola"]
[Date "2019.12.11"]
[Round "8"]
[White "Popov, Ivan"]
[Black "Tovilovic, Milomir"]
[Result "1/2-1/2"]
[WhiteElo "2226"]
[BlackElo "2258"]
[PlyCount "35"]
[EventDate "2019.11.25"]
[EventType "swiss"]
[EventRounds "9"]
[EventCountry "SRB"]
[SourceTitle "CBM 193 Extra"]
[Source "ChessBase"]
[SourceDate "2020.01.31"]
[SourceVersion "1"]
[SourceVersionDate "2020.01.31"]
[SourceQuality "1"]

1. e4 c5 2. Nf3 Nc6 3. d4 cxd4 4. Nxd4 g6 5. c4 Nf6 6. Nc3 Nxd4 7. Qxd4 d6 8. Be2 Bg7 9. Bg5 Qa5 10. Qd2 Be6 11. Rc1 0-0 12. f3 Rfc8 13. b3 a6 14. Nd5 Qxd2+ 15. Kxd2 Nxd5 16. cxd5 Bd7 17. Rxc8+ Rxc8 18. Rc1 1/2-1/2

[Event "Backa Topola-ch"]
[Site "Backa Topola"]
[Date "2011.11.23"]
[Round "6"]
[White "Tovilovic, Milomir"]
[Black "Tomik, Lajos"]
[Result "1-0"]
[WhiteElo "2254"]
[BlackElo "2154"]
[PlyCount "65"]
[EventDate "2011.11.11"]
[EventType "swiss"]
[EventRounds "9"]
[EventCountry "SRB"]
[SourceTitle "CBM 145 Extra"]
[Source "ChessBase"]
[SourceDate "2012.01.03"]
[SourceVersion "1"]
[SourceVersionDate "2012.01.03"]
[SourceQuality "1"]

1. e4 c5 2. Nf3 d6 3. d4 cxd4 4. Nxd4 Nf6 5. Nc3 Nc6 6. Bg5 e6 7. Qd2 a6 8. 0-0-0 Bd7 9. f4 b5 10. Nxc6 Bxc6 11. e5 dxe5 12. Qe1 Qc7 13. fxe5 Nd7 14. Bf4 f6 15. Ne4 Nxe5 16. Kb1 Bd5 17. Nc3 Bb7 18. Qg3 Bb4 19. Bd3 Bxc3 20. bxc3 Rc8 21. Rhe1 Qxc3 22. Rxe5 Qb4+ 23. Kc1 Qa3+ 24. Kd2 Qb4+ 25. Ke2 fxe5 26. Qxg7 Qxf4 27. Qxh8+ Ke7 28. Qxh7+ Qf7 29. Qh4+ Qf6 30. Qb4+ Ke8 31. Qd6 Rd8 32. Bg6+ Qxg6 33. Qxd8+ 1-0

[Event "Backa Topola-ch"]
[Site "Backa Topola"]
[Date "2011.11.21"]
[Round "5"]
[White "Tovilovic, Milomir"]
[Black "Desnica, Vladan"]
[Result "1/2-1/2"]
[WhiteElo "2254"]
[BlackElo "2216"]
[PlyCount "118"]
[EventDate "2011.11.11"]
[EventType "swiss"]
[EventRounds "9"]
[EventCountry "SRB"]
[SourceTitle "CBM 145 Extra"]
[Source "ChessBase"]
[SourceDate "2012.01.03"]
[SourceVersion "1"]
[SourceVersionDate "2012.01.03"]
[SourceQuality "1"]

1. e4 e5 2. Nf3 Nc6 3. Bb5 Nf6 4. d3 Bc5 5. 0-0 Nd4 6. Nxd4 Bxd4 7. c3 Bb6 8. Bg5 h6 9. Be3 c6 10. Ba4 0-0 11. Nd2 Bxe3 12. fxe3 d5 13. exd5 cxd5 14. Qe2 Bg4 15. Qf2 Qb6 16. Bb3 Rad8 17. d4 Bh5 18. Qg3 Rfe8 19. Rae1 Qd6 20. e4 Qb6 21. exd5 exd4 22. Rxe8+ Nxe8 23. Nc4 Qc5 24. Kh1 dxc3 25. bxc3 Be2 26. Rf4 Bxc4 27. Rxc4 Qxd5 28. h3 Qd6 29. Qf2 Qb6 30. Rd4 Nd6 31. Qd2 Kf8 32. c4 Qc7 33. Qd3 Kg8 34. Bc2 g6 35. Bb3 Kf8 36. Rd5 b6 37. Qd4 Kg8 38. Qd2 Kh7 39. Qf4 Qe7 40. Re5 Qf8 41. Bc2 Re8 42. Rd5 Re6 43. h4 Qe7 44. h5 Qf6 45. hxg6+ fxg6 46. Qxf6 Rxf6 47. c5 bxc5 48. Rxc5 Kg7 49. Rc7+ Rf7 50. Rc6 Nf5 51. Kh2 h5 52. a4 Rf6 53. Rc7+ Rf7 54. Rc6 Rd7 55. Bxf5 gxf5 56. Kg3 Rd3+ 57. Kf2 Rd7 58. Ra6 Kf8 59. Kf3 Rg7 1/2-1/2

[Event "Backa Topola-ch"]
[Site "Backa Topola"]
[Date "2011.11.14"]
[Round "2"]
[White "Vucelic, Rade"]
[Black "Tovilovic, Milomir"]
[Result "0-1"]
[WhiteElo "1993"]
[BlackElo "2254"]
[PlyCount "86"]
[EventDate "2011.11.11"]
[EventType "swiss"]
[EventRounds "9"]
[EventCountry "SRB"]
[SourceTitle "CBM 145 Extra"]
[Source "ChessBase"]
[SourceDate "2012.01.03"]
[SourceVersion "1"]
[SourceVersionDate "2012.01.03"]
[SourceQuality "1"]

1. e4 c5 2. Nf3 Nc6 3. d4 cxd4 4. Nxd4 g6 5. Nc3 Bg7 6. Be3 Nf6 7. Qd2 Ng4 8. Nxc6 bxc6 9. Bd4 0-0 10. Bxg7 Kxg7 11. f3 Ne5 12. h4 h5 13. Be2 d6 14. 0-0-0 Rb8 15. Na4 Be6 16. b3 Qc7 17. Qc3 f6 18. f4 Ng4 19. Rhf1 Qc8 20. Rd2 Rd8 21. Bxg4 Bxg4 22. e5 Qc7 23. Re1 Rd7 24. exf6+ exf6 25. g3 Rbd8 26. Qe3 Qa5 27. Qc3 Qa6 28. Qd3 Qb7 29. Qc3 Re7 30. Rd3 Rxe1+ 31. Qxe1 Qc7 32. Kb2 Bf5 33. Re3 Rd7 34. Nc3 d5 35. Na4 c5 36. Qd2 d4 37. Re1 c4 38. Qb4 c3+ 39. Kc1 Qc6 40. Nc5 Qg2 41. Nd3 Qd2+ 42. Kb1 Bxd3 43. Re7+ Kh6 0-1